00710nam a2200229Ia 4500003000900000008004100009020001800050040001600068080001900084100002400103245006700127260003800194300001500232650004100247650001400288650001900302650001800321700002400339942000700363999001500370952009500385IN-BaIIA211028s9999 xx 000 0 eng d a9971-978-93-8 cIIA Library a524.834bGAL-2 aFang, Li Zhi913230 0aGalaxies, quasars and cosmologycLi Zhi Fang and Remo Ruffini aSingaporebWorld Scientificc1985 avii, 221p. aAstronomy and astrophysics thesaurus aCosmology aGalaxies91286 aQuasars91096 aRuffini, Remo98607 cBK c8955d8955 00104070aBANbBANcGENd1987-02-11l0o524.834/ GAL-2p9842r2021-11-05w1987-02-11yBK